[Event "Mechanics' Winter TNM; 30/90, SD/30"]
[Site "San Francisco"]
[Date "2012.01.17"]
[Round "3.13"]
[White "James, Charles"]
[Black "Shnaiderrman, Lazar"]
[Result "0-1"]
[WhiteElo "1540"]
[BlackElo "1873"]
[Annotator "Donaldson"]
[PlyCount "40"]
[EventDate "2012.??.??"]

1. d4 Nf6 2. c4 e6 3. Nc3 Bb4 4. Qc2 Nc6 5. Nf3 O-O 6. Bg5 h6 7. Bh4 Be7 8. a3
(8. e4) (8. e3) 8... d5 9. e3 dxc4 10. Bxc4 Nd5 11. Bxe7 Ncxe7 12. O-O Nxc3 13.
bxc3 Nd5 14. Rfe1 Nf6 15. e4 b6 16. d5 exd5 17. Rad1 Qe7 18. exd5 Qxa3 19. Ba2
$2 (19. Ne5) 19... Bg4 20. Rd3 $2 Bf5 0-1

[Event "Mechanics' Spring TNM; 30/90, SD/30"]
[Site "San Francisco"]
[Date "2012.03.13"]
[Round "1.16"]
[White "James, Charles"]
[Black "Todortsev, Victor"]
[Result "0-1"]
[WhiteElo "1476"]
[BlackElo "1967"]
[PlyCount "92"]
[EventDate "2012.??.??"]

1. d4 d5 2. c4 e6 3. Nc3 Nf6 4. cxd5 exd5 5. Bg5 Be7 6. f3 O-O 7. e3 c6 8. Bd3
h6 9. Bxf6 Bxf6 10. Nge2 Re8 11. e4 dxe4 12. Bxe4 Qb6 13. Rb1 Na6 14. O-O Be6
15. Qd2 Rad8 16. Rfd1 Nb4 17. a3 Nd5 18. Na4 Qc7 19. Bxd5 Bxd5 20. Nec3 Bb3 21.
Re1 Rxe1+ 22. Rxe1 Rxd4 23. Re8+ Kh7 24. Qc1 Bxa4 25. Nxa4 Qd7 26. Re1 Rd2 27.
Nc5 Qd4+ 28. Kh1 Qf2 29. Rg1 Rxb2 30. Nd3 Qc2 31. Nxb2 Qxb2 32. Qb1+ Kg8 33.
Re1 g6 34. Qxb2 Bxb2 35. a4 Bd4 36. Re7 b5 37. axb5 cxb5 38. Rb7 Bb6 39. g3 b4
40. Kg2 b3 41. Rd7 b2 42. Rd1 a5 43. Kf1 a4 44. Ke2 a3 45. Rb1 Bd4 46. Kd3 a2
0-1

[Event "Mechanics' Fall TNM; 30/90, SD/30"]
[Site "San Francisco"]
[Date "2012.11.13"]
[Round "5.6"]
[White "Jones, James"]
[Black "Delmonico, Nils"]
[Result "1-0"]
[WhiteElo "2042"]
[BlackElo "1899"]
[Annotator "Donaldson"]
[PlyCount "63"]
[EventDate "2012.??.??"]

1. e4 e6 2. d4 d5 3. Nd2 Be7 (3... Nf6 4. e5 Nfd7 5. Bd3) 4. Bd3 Nf6 (4... c5)
5. e5 Nfd7 6. Qg4 g6 7. Ne2 c5 8. c3 Nc6 9. O-O Qb6 10. Nf3 f5 11. Qg3 Nd8 12.
Rb1 Nf7 13. h4 Rg8 14. c4 Qa6 15. Nf4 dxc4 16. Bxf5 Ndxe5 17. Nxe5 Nxe5 18. Re1
Nd3 19. Nxd3 cxd3 20. Bxd3 c4 21. Be4 Bd7 22. Bg5 Qd6 23. Bf4 Qa6 24. Rbc1 Rc8
25. d5 Rf8 26. Rcd1 Qb6 27. Bxg6+ hxg6 28. Qxg6+ Kd8 29. dxe6 Rc7 30. Bxc7+
Kxc7 31. Rxd7+ Kb8 32. Qg3+ 1-0

[Event "Mechanics' Fall TNM; 30/90, SD/30"]
[Site "San Francisco"]
[Date "2012.11.27"]
[Round "7.4"]
[White "Jones, James"]
[Black "Grey, Peter"]
[Result "1-0"]
[WhiteElo "2042"]
[BlackElo "2000"]
[PlyCount "61"]
[EventDate "2012.??.??"]

1. e4 e5 2. Bc4 Nf6 3. Nc3 Nc6 4. Nf3 Nxe4 5. Nxe4 d5 6. Bd3 dxe4 7. Bxe4 Bd6
8. O-O O-O 9. h3 Re8 10. d3 f5 11. Bg5 Be7 12. Bxc6 bxc6 13. Bxe7 Rxe7 14. Re1
Qd6 15. Qe2 e4 16. dxe4 Rxe4 17. Qf1 Qf6 18. Rxe4 fxe4 19. Qc4+ Qe6 20. Ne5
Qxc4 21. Nxc4 Be6 22. Ne5 c5 23. Re1 Bd5 24. c4 Re8 25. f4 Ba8 26. Kf2 g5 27.
g3 Rf8 28. Ke3 gxf4+ 29. gxf4 Kg7 30. Rg1+ Kh6 31. Rg5 1-0

[Event "Mechanics' Fall TNM; 30/90, SD/30"]
[Site "San Francisco"]
[Date "2012.10.30"]
[Round "3.8"]
[White "Jones, James"]
[Black "Mar, Henry"]
[Result "1-0"]
[WhiteElo "2042"]
[BlackElo "1509"]
[PlyCount "81"]
[EventDate "2012.??.??"]

1. e4 c6 2. d4 d5 3. e5 Bf5 4. Nf3 e6 5. Be2 Ne7 6. O-O h6 7. c3 Nd7 8. Nbd2 c5
9. Re1 cxd4 10. cxd4 Nc6 11. a3 Be7 12. Nf1 g5 13. Ng3 Bg6 14. Bd3 Nf8 15. Bxg6
fxg6 16. Be3 g4 17. Nd2 h5 18. Rc1 Nh7 19. Qb3 Qd7 20. Ne2 g5 21. Qd3 Nf8 22.
b4 a6 23. Nb3 h4 24. Nc5 Bxc5 25. Rxc5 Qg7 26. Rec1 Nd7 27. R5c2 O-O 28. Nc3
Rf5 29. b5 Na5 30. Nxd5 Raf8 31. Nc7 Qf7 32. bxa6 bxa6 33. Qxa6 Nb3 34. Rb1
Nxd4 35. Bxd4 Nxe5 36. Qxe6 Nf3+ 37. gxf3 gxf3 38. Rb7 Qxe6 39. Nxe6 Re8 40.
Rg7+ Kh8 41. Rcc7 1-0

[Event "Mechanics' Fall TNM; 30/90, SD/30"]
[Site "San Francisco"]
[Date "2012.10.23"]
[Round "2.14"]
[White "Jones, James"]
[Black "Sung, Kevin"]
[Result "1-0"]
[WhiteElo "2042"]
[BlackElo "1586"]
[PlyCount "53"]
[EventDate "2012.??.??"]

1. e4 e6 2. d4 d5 3. e5 c5 4. Qg4 cxd4 5. Nf3 Nc6 6. Bd3 Nge7 7. O-O Ng6 8. Re1
Be7 9. h4 Bxh4 10. Bxg6 hxg6 11. c3 dxc3 12. Nxc3 Be7 13. Bd2 Bd7 14. a3 Qb6
15. b4 Rc8 16. Rac1 Nb8 17. Nxd5 exd5 18. Rxc8+ Bxc8 19. Qxc8+ Qd8 20. Qxb7 Qb6
21. Qxd5 O-O 22. Bg5 Rd8 23. Qc4 Qc6 24. Qh4 Bxg5 25. Nxg5 Qc2 26. Qh7+ Kf8 27.
e6 1-0

[Event "Mechanics' Mar TNM; 30/90, SD/30"]
[Site "San Francisco"]
[Date "2012.09.04"]
[Round "6.12"]
[White "Karas, Nicholas"]
[Black "Ryaboy, Vadim"]
[Result "1-0"]
[WhiteElo "2172"]
[BlackElo "1781"]
[PlyCount "107"]
[EventDate "2012.??.??"]

1. e4 e5 2. Nf3 Nc6 3. Bb5 a6 4. Ba4 Nf6 5. O-O b5 6. Bb3 Bc5 7. d3 d6 8. h3
Na5 9. c3 Nxb3 10. axb3 O-O 11. Be3 Bxe3 12. fxe3 Qe7 13. Nbd2 Bb7 14. Qe2 c5
15. Qf2 h6 16. Nh4 Bc8 17. Ra5 Ra7 18. Nf5 Bxf5 19. Qxf5 Ne8 20. Rfa1 Nc7 21.
Qg4 Qe6 22. Qe2 Raa8 23. Rf1 Rad8 24. c4 b4 25. Raa1 Kh7 26. Rf2 f6 27. Nf1 g6
28. Ng3 Kg7 29. Raf1 Rf7 30. Rf3 Rdf8 31. h4 h5 32. Qf2 Rh8 33. Ne2 Rhf8 34.
Qg3 Qg4 35. Qe1 Qe6 36. Ng3 Qg4 $2 37. Nf5+ gxf5 38. Rg3 Kh6 39. Rxg4 fxg4 40.
d4 exd4 41. exd4 Re8 42. dxc5 dxc5 43. Qe3+ Kg7 44. Qxc5 Rxe4 45. Qxh5 g3 46.
Qf3 f5 47. Qxg3+ Rg4 48. Qe5+ Kg6 49. h5+ Kg5 50. h6 Kxh6 51. Rxf5 Rxf5 52.
Qxf5 Rg7 53. g4 a5 54. Qh5# 1-0

[Event "Mechanics' Spring TNM; 30/90, SD/30"]
[Site "San Francisco"]
[Date "2012.04.17"]
[Round "6.10"]
[White "Klinetobe, David"]
[Black "Abraham, Renjish"]
[Result "1/2-1/2"]
[WhiteElo "2053"]
[BlackElo "1862"]
[PlyCount "46"]
[EventDate "2012.??.??"]

1. e4 c5 2. Nf3 d6 3. d4 cxd4 4. Nxd4 Nf6 5. Nc3 a6 6. Be3 e6 7. f3 Be7 8. Qd2
b5 9. g4 Bb7 10. g5 Nfd7 11. O-O-O Qc7 12. h4 Nc6 13. Kb1 Nc5 14. Nxc6 Qxc6 15.
Bd4 b4 16. Ne2 e5 17. Be3 a5 18. Ng3 g6 19. h5 Na4 20. f4 O-O-O 21. Bg2 Qb5 22.
Bf1 Qc6 23. Bg2 Qb5 1/2-1/2

[Event "Mechanics' Summer TNM; 30/90, SD/30"]
[Site "San Francisco"]
[Date "2012.05.29"]
[Round "2.14"]
[White "Klinetobe, David"]
[Black "Barrow, Lyle"]
[Result "1-0"]
[WhiteElo "2053"]
[BlackElo "1641"]
[PlyCount "121"]
[EventDate "2012.??.??"]

1. e4 c5 2. Nf3 d6 3. d4 cxd4 4. Nxd4 Nc6 5. c4 Nf6 6. Nc3 g6 7. Be2 Bg7 8. Be3
O-O 9. O-O Bd7 10. Qd2 Ng4 11. Bxg4 Bxg4 12. Kh1 Bd7 13. b3 Nxd4 14. Bxd4 Bc6
15. Rac1 b6 16. Rfe1 Qd7 17. Rcd1 Qb7 18. a4 Bxd4 19. Qxd4 f6 20. Qe3 Kg7 21.
f3 Rac8 22. Ne2 Bd7 23. Nf4 Rc6 24. h4 a6 25. Rd5 e5 26. Ne2 Be6 27. Rd3 f5 28.
exf5 Bxf5 29. Rd2 Qe7 30. Qg5 Qxg5 31. hxg5 b5 32. axb5 axb5 33. cxb5 Rb6 34.
Nc3 Rc8 35. Ne4 Bxe4 36. Rxe4 Rc5 37. Rc4 Rcxb5 38. Rc7+ Kg8 39. Rd7 Rxb3 40.
R2xd6 Rxd6 41. Rxd6 Re3 42. Rd8+ Kf7 43. Rd7+ Kg8 44. Re7 Re2 45. Kg1 Re1+ 46.
Kf2 Ra1 47. Rxe5 Ra2+ 48. Re2 Ra5 49. f4 Ra3 50. Re3 Ra2+ 51. Kf3 Ra4 52. g4
Kf8 53. f5 gxf5 54. gxf5 Kf7 55. Re4 Ra3+ 56. Kf4 Ra5 57. Rb4 Kg7 58. Rb7+ Kg8
59. Re7 Kh8 60. f6 Ra1 61. Re8# 1-0

[Event "Mechanics' Mar TNM; 30/90, SD/30"]
[Site "San Francisco"]
[Date "2012.09.11"]
[Round "7.3"]
[White "Klinetobe, David"]
[Black "Goins, Demetrius"]
[Result "0-1"]
[WhiteElo "2055"]
[BlackElo "2129"]
[PlyCount "62"]
[EventDate "2012.??.??"]

1. e4 c5 2. Nf3 d6 3. d4 cxd4 4. Nxd4 Nf6 5. Nc3 a6 6. Be3 e6 7. f3 b5 8. Qd2
Be7 9. O-O-O O-O 10. g4 Bd7 11. h4 Nc6 12. h5 b4 13. Nce2 Qa5 14. Kb1 Ne5 15.
Nc1 Rfc8 16. g5 Ne8 17. Ncb3 Qc7 18. Bd3 a5 19. g6 a4 20. Nc1 Bf6 21. Bg5 Nxd3
22. Bxf6 Nxc1 23. gxh7+ Kxh7 24. Bg5 Nxa2 25. Kxa2 b3+ 26. Kb1 e5 27. Rc1 exd4
28. e5 bxc2+ 29. Ka1 a3 30. Qd3+ Kh8 31. bxa3 Qc5 0-1

[Event "Mechanics' Mar TNM; 30/90, SD/30"]
[Site "San Francisco"]
[Date "2012.09.25"]
[Round "9.6"]
[White "Klinetobe, David"]
[Black "Harmon, Frederick"]
[Result "1-0"]
[WhiteElo "2055"]
[BlackElo "1819"]
[PlyCount "49"]
[EventDate "2012.??.??"]

1. e4 c5 2. Nf3 d6 3. d4 cxd4 4. Nxd4 Nc6 5. Nc3 e6 6. Be3 Be7 7. Qd2 Nf6 8. f3
O-O 9. O-O-O a6 10. g4 Qc7 11. h4 Ne5 12. h5 Nc4 13. Bxc4 Qxc4 14. g5 Ne8 15.
g6 fxg6 16. hxg6 hxg6 17. Qg2 g5 18. Bxg5 Bxg5+ 19. Qxg5 Qc7 20. Rh2 Qf7 21.
Kb1 Qf6 22. Qh5 Bd7 23. Rdh1 Rc8 24. Nf5 exf5 25. Nd5 1-0

[Event "Mechanics' Summer TNM; 30/90, SD/30"]
[Site "San Francisco"]
[Date "2012.07.10"]
[Round "8.9"]
[White "Klinetobe, David"]
[Black "Nagarajan, Pranav"]
[Result "1/2-1/2"]
[WhiteElo "2053"]
[BlackElo "1862"]
[PlyCount "89"]
[EventDate "2012.??.??"]

1. e4 c5 2. Nf3 Nc6 3. d4 cxd4 4. Nxd4 g6 5. c4 Nf6 6. Nc3 d6 7. Nc2 Bg7 8. Be2
Nd7 9. Bd2 O-O 10. O-O a5 11. f3 Nc5 12. Kh1 b6 13. b3 Ra7 14. Rb1 f5 15. Nb5
Ra8 16. exf5 Bxf5 17. a3 e6 18. Bc3 Bxc3 19. Nxc3 Bxc2 20. Qxc2 Nd4 21. Qd1
Nxe2 22. Qxe2 Qf6 23. Ne4 Qe5 24. Rfe1 Rfe8 25. Qd2 Nxe4 26. Rxe4 Qc5 27. b4
axb4 28. axb4 Qc6 29. Rd1 d5 30. cxd5 exd5 31. Rd4 Rad8 32. Kg1 Re5 33. f4 Rf5
34. g4 Rf7 35. f5 Rdf8 36. Rxd5 gxf5 37. Rxf5 Rxf5 38. gxf5 Rxf5 39. Qd8+ Rf8
40. Qg5+ Kh8 41. Rd8 Rxd8 42. Qxd8+ Kg7 43. Qe7+ Kg8 44. h4 Qc1+ 45. Kg2
1/2-1/2

[Event "Mechanics' Spring TNM; 30/90, SD/30"]
[Site "San Francisco"]
[Date "2012.03.13"]
[Round "1.9"]
[White "Klinetobe, David"]
[Black "Newey, Richard"]
[Result "1-0"]
[WhiteElo "2053"]
[BlackElo "1668"]
[PlyCount "77"]
[EventDate "2012.??.??"]

1. e4 c5 2. Nf3 d6 3. d4 cxd4 4. Nxd4 Nf6 5. Nc3 Nc6 6. Bg5 e6 7. Qd2 Be7 8. f3
Bd7 9. O-O-O a6 10. Kb1 Nxd4 11. Qxd4 Qc7 12. h4 Rc8 13. Qd2 h6 14. Be3 b5 15.
Bd3 Bc6 16. g4 Nd7 17. g5 Ne5 18. gxh6 gxh6 19. Bxh6 Nxf3 20. Qf4 Ne5 21. h5 b4
22. Ne2 Nxd3 23. cxd3 Bb5 24. Nc1 Qc2+ 25. Ka1 Rg8 26. Rhg1 Rxg1 27. Rxg1 Kd7
28. Qxf7 Bxd3 29. Nxd3 Qxd3 30. Bg5 Re8 31. h6 Qd4 32. Re1 Qe5 33. h7 d5 34.
h8=Q Qxh8 35. exd5 e5 36. Qe6+ Kd8 37. Qd6+ Kc8 38. Rc1+ Kb7 39. Rc7+ 1-0

[Event "Mechanics' Summer TNM; 30/90, SD/30"]
[Site "San Francisco"]
[Date "2012.06.26"]
[Round "6.7"]
[White "Klinetobe, David"]
[Black "Ochoa, Jason"]
[Result "1-0"]
[WhiteElo "2053"]
[BlackElo "1900"]
[PlyCount "71"]
[EventDate "2012.??.??"]

1. e4 c5 2. Nf3 g6 3. d4 Bg7 4. dxc5 Qa5+ 5. c3 Qxc5 6. Na3 Bxc3+ 7. bxc3 Qxc3+
8. Qd2 Qxa1 9. Nb5 Na6 10. Nc3 Nc5 11. Nd4 Nf6 12. f3 O-O 13. Bc4 d5 14. exd5
Bf5 15. Nxf5 gxf5 16. O-O Na4 17. Nxa4 Qe5 18. Bb2 Qd6 19. Qg5+ Kh8 20. Qxf5
Rg8 21. Be5 Qd8 22. d6 Rg6 23. Bxf7 exd6 24. Bd4 Kg7 25. Bxg6 hxg6 26. Qxf6+
Qxf6 27. Bxf6+ Kxf6 28. Re1 Rc8 29. Kf2 b5 30. Nb2 a5 31. Nd3 g5 32. Rc1 Rb8
33. f4 gxf4 34. Nxf4 Ke5 35. Ke3 Rh8 36. Ng6+ 1-0

[Event "Mechanics' Mar TNM; 30/90, SD/30"]
[Site "San Francisco"]
[Date "2012.08.07"]
[Round "2.15"]
[White "Klinetobe, David"]
[Black "Rakonitz, David"]
[Result "1-0"]
[WhiteElo "2055"]
[BlackElo "1495"]
[PlyCount "35"]
[EventDate "2012.??.??"]

1. e4 e6 2. d4 d5 3. Nd2 dxe4 4. Nxe4 Nd7 5. Nf3 Ngf6 6. Bd3 Nxe4 7. Bxe4 Nf6
8. Bg5 c5 9. O-O h6 10. Bxf6 Qxf6 11. Qd3 cxd4 12. Bxb7 Rb8 13. Bxc8 Rxc8 14.
Qb5+ Kd8 15. Nxd4 Bd6 16. Nc6+ Kc7 17. Nxa7 Rb8 18. Qc6+ 1-0

[Event "Mechanics' Summer TNM; 30/90, SD/30"]
[Site "San Francisco"]
[Date "2012.06.12"]
[Round "4.9"]
[White "Klinetobe, David"]
[Black "Woebcke, Carl"]
[Result "1-0"]
[WhiteElo "2053"]
[BlackElo "1831"]
[PlyCount "81"]
[EventDate "2012.??.??"]

1. e4 c5 2. Nf3 d6 3. d4 cxd4 4. Nxd4 Nf6 5. Nc3 a6 6. Be3 e5 7. Nf3 h6 8. Bc4
Be6 9. Bxe6 fxe6 10. Nh4 g5 11. Ng6 Rg8 12. Nxf8 Rxf8 13. h4 Rg8 14. hxg5 hxg5
15. Rh6 Kf7 16. Qf3 Nbd7 17. O-O-O Qf8 18. Rdh1 Ke7 19. Qd1 Qg7 20. Qd2 b5 21.
f3 Rac8 22. a3 Rc6 23. Na2 Nc5 24. Kb1 Rcc8 25. Qa5 Qf8 26. Bxc5 Rxc5 27. Qxa6
Qc8 28. Qxc8 Rgxc8 29. Nb4 d5 30. exd5 exd5 31. Rh8 Ke6 32. Rxc8 Rxc8 33. Kc1
d4 34. Kd2 Nd5 35. Rh6+ Nf6 36. Nd3 Kf5 37. g4+ Ke6 38. Rg6 Rg8 39. Nc5+ Kd5
40. Rxg8 Nxg8 41. Ne4 1-0

[Event "Mechanics' Mar TNM; 30/90, SD/30"]
[Site "San Francisco"]
[Date "2012.08.14"]
[Round "3.9"]
[White "Klinetobe, David"]
[Black "Zhao, Art"]
[Result "0-1"]
[WhiteElo "2055"]
[BlackElo "1982"]
[PlyCount "69"]
[EventDate "2012.??.??"]

1. e4 c5 2. Nf3 d6 3. d4 cxd4 4. Nxd4 Nf6 5. Nc3 Nc6 6. Bg5 e6 7. Qd2 Be7 8.
O-O-O O-O 9. f3 a6 10. Kb1 Qc7 11. h4 b5 12. Nxc6 Qxc6 13. Bd3 Bb7 14. g4 Rfd8
15. Ne2 Rac8 16. Bxf6 Bxf6 17. g5 Be7 18. h5 f6 19. Nf4 Qd7 20. Ng6 fxg5 21.
Nxe7+ Qxe7 22. h6 g6 23. Rdg1 Rf8 24. Rh3 Rf4 25. Rhg3 Rcf8 26. Be2 d5 27. exd5
Bxd5 28. Rxg5 Bxf3 29. Bd3 Be4 30. a3 Bd5 31. Qe1 Qc7 32. Qe3 R8f6 33. Re5 Rf3
34. Qe2 Qc5 35. Be4 $4 0-1

[Event "Mechanics' Winter TNM; 30/90, SD/30"]
[Site "San Francisco"]
[Date "2012.02.14"]
[Round "7.11"]
[White "Krasnov, Steven"]
[Black "Askin, Michael"]
[Result "1-0"]
[WhiteElo "1983"]
[BlackElo "1811"]
[PlyCount "95"]
[EventDate "2012.??.??"]

1. c4 Nf6 2. b3 e6 3. Bb2 d5 4. e3 c6 5. Nf3 Nbd7 6. Qc2 Bd6 7. Be2 O-O 8. Nc3
a6 9. O-O e5 10. d3 Re8 11. Rad1 Qe7 12. h3 e4 13. dxe4 dxe4 14. Nh2 Qe5 15. g3
Qe7 16. Rfe1 h5 17. Bf1 Nc5 18. Rd2 Bf5 19. Ne2 Nd3 20. Red1 Nxb2 21. Qxb2 Be5
22. Qc2 Qc7 23. Bg2 Qc8 24. h4 Qc7 25. Nd4 Bg4 26. Nxg4 Nxg4 27. Ne2 Bxg3 28.
Nxg3 Nxe3 29. fxe3 Qxg3 30. Rd7 Qg4 31. Qf2 f5 32. Qf4 Qxf4 33. exf4 e3 34. Bf3
e2 35. Re1 Re3 36. Kf2 Rae8 37. Rxe2 Rxe2+ 38. Bxe2 Re4 39. Kf3 b5 40. Bd3 Re1
41. cxb5 axb5 42. Bxf5 Rf1+ 43. Ke3 Re1+ 44. Kd4 g6 45. Bd3 Rh1 46. Bxg6 Rxh4
47. Ke5 c5 48. f5 1-0

[Event "Mechanics' Winter TNM; 30/90, SD/30"]
[Site "San Francisco"]
[Date "2012.01.31"]
[Round "5.9"]
[White "Krasnov, Steven"]
[Black "Byambaa, Uyanga"]
[Result "0-1"]
[WhiteElo "1983"]
[BlackElo "2027"]
[PlyCount "88"]
[EventDate "2012.??.??"]

1. d4 Nf6 2. c4 g6 3. f3 Bg7 4. e4 d6 5. Bd3 O-O 6. Ne2 Nc6 7. Be3 e5 8. Nbc3
Ng4 9. fxg4 exd4 10. Nxd4 Nxd4 11. O-O Qh4 12. h3 c6 13. Qd2 Ne6 14. Ne2 Qe7
15. Rad1 Nc5 16. Nc3 Be6 17. b4 Nxd3 18. Qxd3 Rfd8 19. b5 Rac8 20. bxc6 Bxc4
21. Nd5 Bxd5 22. exd5 bxc6 23. dxc6 Rxc6 24. Bf4 d5 25. Rfe1 Qc5+ 26. Kh1 d4
27. Rc1 Qd5 28. Rxc6 Qxc6 29. Re7 a5 30. Bc7 Rc8 31. Qb3 Qf6 32. Qb7 Rf8 33.
Bxa5 Qf1+ 34. Kh2 Be5+ 35. g3 Rb8 36. Qg2 Qf6 37. Rb7 Rc8 38. Rb6 Qg5 39. Bd2
Qe7 40. Rb7 Qe6 41. Rb3 Rc2 42. Qa8+ Kg7 43. Qa5 Bc7 44. Qb4 Qe2+ 0-1

[Event "Mechanics' Mar TNM; 30/90, SD/30"]
[Site "San Francisco"]
[Date "2012.08.07"]
[Round "2.8"]
[White "Krasnov, Steven"]
[Black "Campers, Willie"]
[Result "1-0"]
[WhiteElo "1962"]
[BlackElo "1683"]
[PlyCount "55"]
[EventDate "2012.??.??"]

1. c4 c5 2. Nf3 Nc6 3. Nc3 d6 4. d4 cxd4 5. Nxd4 Nf6 6. e3 g6 7. Be2 Bg7 8. O-O
O-O 9. a3 a6 10. b4 Bd7 11. Bb2 Rc8 12. Rc1 Ne5 13. Qb3 Qb6 14. h3 Rc7 15. f4
Nc6 16. Rfd1 e5 17. Na4 Qa7 18. Nxc6 Bxc6 19. b5 axb5 20. cxb5 Bxb5 21. Bxb5
Rxc1 22. Rxc1 Ne4 23. fxe5 dxe5 24. Qd3 Ng3 25. Kh2 e4 26. Qb3 Qb8 27. Kg1 Bh6
28. Qc3 1-0

[Event "Mechanics' Spring TNM; 30/90, SD/30"]
[Site "San Francisco"]
[Date "2012.03.13"]
[Round "1.11"]
[White "Krasnov, Steven"]
[Black "Chadwick, Richard"]
[Result "1-0"]
[WhiteElo "2033"]
[BlackElo "1600"]
[PlyCount "69"]
[EventDate "2012.??.??"]

1. c4 c5 2. Nf3 Nc6 3. g3 d6 4. Bg2 Rb8 5. Nc3 e6 6. O-O Nf6 7. d4 d5 8. Bf4
Bd6 9. cxd5 exd5 10. dxc5 Bxf4 11. gxf4 a6 12. Ne5 Be6 13. Qa4 Qc7 14. Rfd1 O-O
15. Nd3 Ne7 16. Rac1 Bd7 17. Qb3 Bc6 18. Ne5 Rfd8 19. e3 Rf8 20. Rd2 Rbd8 21.
a3 Ne4 22. Nxe4 dxe4 23. Rxd8 Qxd8 24. Nxc6 bxc6 25. Bxe4 Qb8 26. Qb6 Nd5 27.
Qxc6 Nc7 28. b4 Rd8 29. Qb7 g6 30. Qxb8 Rxb8 31. Rd1 Kf8 32. Rd7 Nb5 33. c6 Ke8
34. Bd5 Kf8 35. Rxf7+ 1-0

[Event "Mechanics' Fall TNM; 30/90, SD/30"]
[Site "San Francisco"]
[Date "2012.10.23"]
[Round "2.10"]
[White "Krasnov, Steven"]
[Black "Dougal, Michael"]
[Result "1-0"]
[WhiteElo "1959"]
[BlackElo "1803"]
[PlyCount "67"]
[EventDate "2012.??.??"]

1. Nf3 Nf6 2. c4 g6 3. Nc3 Bg7 4. e4 c5 5. d3 Nc6 6. h3 d6 7. Be2 Nd7 8. O-O
Nde5 9. Nxe5 dxe5 10. Be3 b6 11. Qd2 O-O 12. Rad1 e6 13. f4 a6 14. fxe5 Bxe5
15. Bg5 f6 16. Be3 Qc7 17. Bf3 Bb7 18. Ne2 Rad8 19. a3 a5 20. Bg4 f5 21. exf5
exf5 22. Bf3 Nd4 23. Nf4 Bxf3 24. gxf3 Bxf4 25. Bxf4 Qc6 $4 (25... Qxf4) 26.
Kg2 Rde8 27. Rde1 Rxe1 28. Qxe1 Re8 29. Qg3 Ne2 30. Qg5 Nxf4+ 31. Qxf4 Re2+ 32.
Rf2 Rxf2+ 33. Kxf2 Qf6 34. Qb8+ {The play continued past move 80 according to
Krasnov, but both players quit keeping at this point.} 1-0

[Event "Mechanics' Spring TNM; 30/90, SD/30"]
[Site "San Francisco"]
[Date "2012.04.03"]
[Round "4.4"]
[White "Krasnov, Steven"]
[Black "Fuentes, Romulo"]
[Result "0-1"]
[WhiteElo "2033"]
[BlackElo "2205"]
[PlyCount "76"]
[EventDate "2012.??.??"]

1. Nf3 c5 2. c4 Nc6 3. Nc3 e5 4. g3 d6 5. Bg2 Be6 6. d3 Be7 7. O-O Qd7 8. Ng5
Bxg5 9. Bxg5 f6 10. Bd2 h5 11. h4 Nge7 12. Nd5 Bg4 13. f3 Be6 14. e4 Nd4 15. b4
Nxd5 16. cxd5 Bh3 17. bxc5 dxc5 18. Be3 b6 19. a4 O-O 20. Kh2 Bxg2 21. Kxg2 g6
22. Ra2 f5 23. f4 exf4 24. Bxd4 cxd4 25. Rxf4 fxe4 26. Rxf8+ Rxf8 27. dxe4 Qf7
28. Rd2 g5 29. hxg5 h4 30. gxh4 Qf4 31. Qe1 Qg4+ 32. Kh1 Rf3 33. Rg2 Qf4 34.
Kg1 d3 35. Rd2 Rg3+ 36. Rg2 d2 37. Qd1 Qe3+ 38. Kf1 Rf3+ 0-1

[Event "Mechanics' Fall TNM; 30/90, SD/30"]
[Site "San Francisco"]
[Date "2012.12.04"]
[Round "8.2"]
[White "Krasnov, Steven"]
[Black "Fuentes, Romulo"]
[Result "0-1"]
[WhiteElo "1959"]
[BlackElo "2217"]
[PlyCount "96"]
[EventDate "2012.??.??"]

1. f4 c5 2. e3 g6 3. Nf3 Bg7 4. Nc3 Nf6 5. d3 Nc6 6. Be2 d5 7. O-O O-O 8. Bd2
a6 9. a4 Rb8 10. Qe1 Nb4 11. Bd1 Nc6 12. Qh4 Bf5 13. h3 d4 14. exd4 Nxd4 15. g4
Bd7 16. Be3 Bc6 17. Ng5 h6 18. Nge4 Nxe4 19. dxe4 b5 20. axb5 axb5 21. g5 e6
22. Qg3 hxg5 23. fxg5 b4 24. Na4 Ra8 25. c3 bxc3 26. bxc3 Rxa4 27. Rxa4 Bxa4
28. cxd4 Bxd1 29. Rxd1 cxd4 30. e5 Qd5 31. Rxd4 Qxe5 32. Qf2 Rb8 33. Rd7 Qf5
34. Qxf5 gxf5 35. Kg2 Rb2+ 36. Bf2 Bc3 37. Kf3 Kg7 38. Bd4+ Bxd4 39. Rxd4 Kg6
40. Rd7 Kxg5 41. Rxf7 Rb3+ 42. Kg2 e5 43. h4+ Kg4 44. h5 Rb2+ 45. Kf1 (45. Kh1
Rb6) 45... Rh2 46. Rg7+ Kf3 47. Rg5 Rh1+ 48. Rg1 Rxh5 0-1

[Event "Mechanics' Fall TNM; 30/90, SD/30"]
[Site "San Francisco"]
[Date "2012.11.06"]
[Round "4.3"]
[White "Krasnov, Steven"]
[Black "Jones, James"]
[Result "1/2-1/2"]
[WhiteElo "1959"]
[BlackElo "2042"]
[Annotator "Donaldson"]
[PlyCount "75"]
[EventDate "2012.??.??"]

1. d4 c5 2. d5 Nf6 3. Nf3 g6 4. g3 Bg7 5. Bg2 d6 6. c4 O-O 7. Nc3 Bg4 8. e4
Nbd7 9. h3 Bxf3 10. Qxf3 a6 11. O-O Qa5 12. Qe2 b5 13. cxb5 Rfb8 14. bxa6 Qxa6
15. Qxa6 Rxa6 16. Re1 Ne5 17. Rd1 Nfd7 18. Bf1 Ra5 19. Kg2 Nb6 20. a4 Nbc4 21.
Bxc4 ({As} 21. f4 {is met by} Nxb2 22. Rb1 Nec4) (21. Rb1 $1 {
intending b3 was stronger.}) 21... Nxc4 22. Ra2 Rb3 {Black has excellent
compensation for the pawn, in classic Benko Gambit fashion..} 23. Rd3 Ne5 24.
Rd1 Nc4 25. Rd3 Bd4 26. Kf1 Ne5 (26... Rb4 {was a promising alternative as the
rook prepares to attack the the e4 and a4 pawns.}) 27. Rd1 Nc4 (27... Bxc3 28.
bxc3 Nc4 29. Bh6 f6 (29... Rxc3 $2 30. Rb1 $1)) 28. Ke2 (28. Rd3 Rb4) 28...
Nxb2 $4 ({The text is based on a horrible miscalculation.} 28... Bxc3 29. bxc3
Rxc3 {gave Black every chance to win the ending.}) 29. Rxb2 Rxc3 30. Bd2 $4 {
Mutual chess blindness.} (30. Bh6 $1 {won on the spot.}) 30... Rxa4 31. Bxc3
Bxc3 {Black has excellent compensation for the exchange with his powerful
bishop and protected passed pawn.} 32. Rb8+ Kg7 33. f3 Ra2+ 34. Kd3 Bd4 35. Rb3
Rg2 (35... h5 {looks like an interesting way to continue the fight. The point
is to meet g4 with ...h4 fixing the White h-pawn as a target. Another
possibility is 35... f5, which is often thematic in Benko positions, but here
is not particularly, as White can make use of the e-file after exf5, and his
d-pawn is adequately protected.}) 36. g4 Rg3 37. Kc4 Rxh3 38. Rf1 {The players
agreed to a draw in this position. Theoretically the position is equal, but
practically chances favor Black. Considering his escape from a certain loss
(30.Bh6), it is understandable Black might decide not to press his luck.}
1/2-1/2

[Event "Mechanics' Mar TNM; 30/90, SD/30"]
[Site "San Francisco"]
[Date "2012.09.18"]
[Round "8.15"]
[White "Krasnov, Steven"]
[Black "Krienke, Jason"]
[Result "1-0"]
[WhiteElo "1962"]
[BlackElo "1713"]
[PlyCount "83"]
[EventDate "2012.??.??"]

1. c4 e5 2. Nc3 Nf6 3. g3 c6 4. Bg2 Bc5 5. e3 O-O 6. Nge2 d6 7. O-O a6 8. d4
exd4 9. exd4 Ba7 10. Qc2 Be6 11. b3 d5 12. c5 Nbd7 13. Nf4 Re8 14. Re1 Nf8 15.
Bd2 Qd7 16. Nxe6 Nxe6 17. Qd3 Re7 18. Bh3 h6 19. Kg2 Rae8 20. Re2 Qc7 21. Rae1
Ng5 22. Bxg5 hxg5 23. Qf5 Rxe2 24. Rxe2 Rxe2 25. Nxe2 Qe7 26. Kf1 Qe4 27. Qc8+
Ne8 28. Qxb7 g4 29. Bxg4 Qxg4 30. Qxa7 Qh3+ 31. Ke1 Qxh2 32. Qxa6 Nf6 33. Qxc6
Ne4 34. Qc8+ Kh7 35. Qf5+ Kg8 36. Qf3 Qh6 37. Nf4 Qa6 38. Qe2 Qh6 39. Qh5 Qa6
40. Qxd5 Qa5+ 41. Kf1 Nc3 42. Qf3 1-0